000 00319nam a22001457a 4500
008 221118b ||||| |||| 00| 0 eng d
020 _a9780521438353
041 _aeng
080 _a32
082 _a32LYO
100 _a32
101 _aJURE
245 _aMORAL ASPECTS OF LEGAL THEORY
_cLYONS D
942 _2udc
_cBK
999 _c58959
_d58959